The Legend of Zelda: Breath of the Wild Materials - Statistics

General Stats
  • This quiz has been taken 761 times
  • The average score is 48 of 149
Answer Stats
Material % Correct
Apple
81%
Diamond
73%
Ruby
71%
Sapphire
65%
Wood
64%
Bokoblin Horn
61%
Topaz
61%
Flint
58%
Moblin Horn
58%
Amber
57%
Bokoblin Guts
56%
Moblin Guts
55%
Opal
54%
Hylian Shroom
53%
Hearty Radish
50%
Hearty Durian
49%
Mighty Bananas
49%
Lizalfos Horn
48%
Rushroom
48%
Bokoblin Fang
47%
Lizalfos Tail
47%
Big Hearty Radish
45%
Hearty Truffle
45%
Keese Wing
45%
ChuChu Jelly
44%
Moblin Fang
44%
Silent Princess
44%
Ancient Core
43%
Hinox Toenail
42%
Ironshroom
42%
Lynel Hoof
42%
Raw Meat
42%
Rock Salt
42%
Ancient Screw
41%
Hinox Guts
41%
Hyrule Bass
41%
Keese Eyeball
41%
Lynel Guts
41%
Lynel Horn
41%
Luminous Stone
40%
Sunshroom
40%
Acorn
39%
Big Hearty Truffle
39%
Endura Carrot
39%
Hyrule Herb
39%
Hylian Rice
38%
Razorshroom
37%
Giant Ancient Core
36%
Chillshroom
35%
Hydromelon
35%
Raw Prime Meat
35%
Swift Carrot
35%
Voltfruit
35%
Ancient Gear
34%
Tabantha Wheat
34%
Wildberry
34%
Bird Egg
33%
Endura Shroom
33%
Ancient Shaft
32%
Fairy
32%
Hearty Bass
32%
Palm Fruit
32%
Stamella Shroom
32%
Zapshroom
32%
Fire Keese Wing
31%
Molduga Guts
31%
Red ChuChu Jelly
31%
Electric Keese Wing
30%
Goat Butter
30%
Hearty Salmon
30%
Hot-footed Frog
30%
Ice Keese Wing
30%
Raw Gourmet Meat
30%
Spicy Pepper
30%
Silent Shroom
29%
Yellow ChuChu Jelly
29%
Blue Nightshade
28%
Dinraal's Scale
28%
Farosh's Scale
28%
Hinox Tooth
28%
Mighty Porgy
28%
Raw Bird Thig
28%
White ChuChu Jelly
28%
Cold Darner
27%
Molduga Fin
27%
Naydra's Scale
27%
Warm Darner
27%
Armoranth
26%
Fortified Pumpkin
26%
Lizalfos Talon
26%
Staminoka Bass
26%
Swift Violet
26%
Warm Safflina
26%
Ancient Spring
25%
Electric Safflina
25%
Raw Bird Drumstick
25%
Raw Whole Bird
25%
Shard of Dinraal's Horn
25%
Shard of Farosh's Horn
25%
Shard of Naydra's Horn
25%
Armored Porgy
24%
Cool Safflina
24%
Goron Spice
24%
Hearty Lizard
24%
Red Lizalfos Tail
24%
Armored Carp
23%
Electric Darner
23%
Mighty Carp
23%
Restless Cricket
23%
Fireproof lizard
22%
Octo Balloon
22%
Tireless Frog
22%
Yellow Lizalfos Tail
22%
Hightail Lizard
21%
Sneaky River Snail
21%
Summerwing Butterfly
21%
Chickaloo Tree Nut
20%
Courser Bee Honey
20%
Dinraal's Claw
20%
Farosh's Claw
20%
Fresh Milk
20%
Mighty Thistle
20%
Monster Extract
20%
Naydra's Claw
20%
Shard of Dinraal's Fang
20%
Shard of Farosh's Fang
20%
Stealthfin Trout
20%
Winterwing Butterfly
20%
Bright-eyed Crab
19%
Octorok Eyeball
19%
Shard of Naydra's Fang
19%
Star Fragment
19%
Voltfin Trout
19%
Cane Sugar
18%
Chillfin Trout
18%
Sizzlefin Trout
18%
Sunset Firefly
18%
Fleet-Lotus Seeds
17%
Octorok Tentacle
17%
Razorclaw Crab
17%
Sanke Carp
17%
Smotherwing Butterfly
16%
Thunderwing Butterfly
16%
Hearty Blueshell Snail
15%
Icy Lizalfos Tail
15%
Ironshell Crab
15%
Bladed Rhino Beetle
14%
Energetic Rhino Beetle
14%
Rugged Rhino Beetle
10%
No matching quizzes found
Score Distribution
Percent of People with Each Score
Percentile by Number Answered
Your Score History
You have not taken this quiz